000
00342nam a2200157Ia 4500
100
_a
Monks/Joseph G
250
_a
2
942
_c
BK
366
_f
20
654
_a
operations
245
_a
Operations Management
260
_b
Tata Mc Graw hill pub co
_a
New Delhi
_c
2007
082
_a
658.1554/MON
_b
MON
546
_a
ENGLISH
999
_c
32016
_d
32016